Fr. Conceicao Rodrigues College of Engineering

Plasma Physics & Magnet Fluid Mechanics (Record no. 28451)

MARC details
000 -LEADER
fixed length control field 00300nam a2200133Ia 4500
082 ## - DEWEY DECIMAL CLASSIFICATION NUMBER
Classification number 629
Item number CAM
100 ## - MAIN ENTRY--PERSONAL NAME
Personal name Cambel/A.B
245 ## - TITLE STATEMENT
Title Plasma Physics & Magnet Fluid Mechanics
260 ## - PUBLICATION, DISTRIBUTION, ETC.
Name of publisher, distributor, etc. McGraw Hill
Place of publication, distribution, etc. Newyork
Date of publication, distribution, etc. 1963
546 ## - LANGUAGE NOTE
Language note ENGLISH
654 ## - SUBJECT ADDED ENTRY--FACETED TOPICAL TERMS
Focus term Fluid Mechanics
942 ## - ADDED ENTRY ELEMENTS (KOHA)
Koha item type BOOK
Holdings
Withdrawn status Lost status Damaged status Not for loan Collection Home library Current library Date acquired Total Checkouts Full call number Barcode Date last seen Price effective from Koha item type
        AFT Fr. Agnel's C.Rodrigues College of Engineering Fr. Agnel's C.Rodrigues College of Engineering 17/03/2023   629 CAM AFT1557 17/03/2023 17/03/2023 BOOK